[Event "Online Olym Div2 C 2020"]
[Site "chess.com INT"]
[Date "2020.08.15"]
[Round "5.4"]
[Board "6"]
[White "Tala, Alnasser"]
[Black "Hrescak, Ivana"]
[Result "0-1"]
[BlackTitle "WIM"]
[WhiteElo "1431"]
[BlackElo "2196"]
[WhiteTeam "Jordan"]
[BlackTeam "Slovenia"]
[WhiteFideId "8110328"]
[BlackFideId "14613441"]
[EventDate "2020.08.14"]
[EventType "team"]

1. d4 Nf6 2. Nf3 g6 3. Bg5 Bg7 4. e3 d6 5. h3 Nbd7 6. c3 O-O 7. Bd3 e5 8. dxe5
dxe5 9. Bc2 Qe7 10. Nbd2 Nc5 11. Rc1 Rd8 12. Bb1 a5 13. Qc2 Nd3+ 14. Ke2 Nxc1+
15. Qxc1 b6 16. Qc2 Ba6+ 17. c4 Qe6 18. h4 h5 19. Bxf6 Bxf6 20. Ng5 Bxg5 21.
hxg5 Qg4+ 22. Kf1 Bxc4+ 23. Nxc4 Rd1+ 0-1

[Event "Online Olym Div2 C 2020"]
[Site "chess.com INT"]
[Date "2020.08.15"]
[Round "5.5"]
[Board "1"]
[White "Valsecchi, Alessio"]
[Black "Sirosh, Ilja"]
[Result "0-1"]
[WhiteTitle "GM"]
[BlackTitle "IM"]
[WhiteElo "2491"]
[BlackElo "2405"]
[WhiteTeam "Italy"]
[BlackTeam "Estonia"]
[WhiteFideId "818860"]
[BlackFideId "4500458"]
[EventDate "2020.08.14"]
[EventType "team"]

1. d4 d5 2. c4 e6 3. Nc3 c5 4. cxd5 exd5 5. dxc5 d4 6. Na4 b5 7. e3 bxa4 8. Qf3
Bxc5 9. Qxa8 Bb4+ 10. Bd2 Bxd2+ 11. Kd1 dxe3 12. Bb5+ Kf8 13. Nf3 Ba5+ 14. Ke2
Qb6 15. Qd5 Ne7 16. Qc4 a6 17. Bxa4 Qxb2+ 18. Qc2 Qxc2+ 19. Bxc2 exf2 20. Rab1
Nbc6 21. Be4 h5 22. Rhc1 Rh6 23. Kxf2 f5 24. Bxc6 Rxc6 25. Ne5 Bb6+ 26. Kf3 Re6
27. Kf4 g5+ 28. Kxg5 Be3+ 29. Kxh5 Rh6# 0-1

[Event "Online Olym Div2 C 2020"]
[Site "chess.com INT"]
[Date "2020.08.15"]
[Round "5.5"]
[Board "2"]
[White "Andrijashkin, Deniss"]
[Black "Lodici, Lorenzo"]
[Result "0-1"]
[BlackTitle "IM"]
[WhiteElo "1915"]
[BlackElo "2489"]
[WhiteTeam "Estonia"]
[BlackTeam "Italy"]
[WhiteFideId "4504631"]
[BlackFideId "884189"]
[EventDate "2020.08.14"]
[EventType "team"]

1. e4 e5 2. Nf3 Nc6 3. Bb5 a6 4. Ba4 Nf6 5. d3 d6 6. c3 g6 7. O-O Bg7 8. Nbd2
O-O 9. Re1 b5 10. Bc2 d5 11. Qe2 Re8 12. Nf1 Bb7 13. Ng3 h6 14. h3 a5 15. Bd2 a4
16. Rad1 d4 17. cxd4 Nxd4 18. Nxd4 exd4 19. a3 Ra6 20. Qf1 Rae6 21. Bb1 c5 22.
Ba2 R6e7 23. f4 Kh7 24. Rc1 Qb6 25. Kh2 Nd7 26. e5 f5 27. exf6 Nxf6 28. Rxe7
Rxe7 29. f5 g5 30. Re1 Rxe1 31. Qxe1 Qc6 32. Qe2 Bf8 33. Kg1 c4 34. dxc4 d3 35.
Qf1 bxc4 36. Be3 Nd5 37. Bd4 Nf4 0-1

[Event "Online Olym Div2 C 2020"]
[Site "chess.com INT"]
[Date "2020.08.15"]
[Round "5.5"]
[Board "3"]
[White "Zimina, Olga"]
[Black "Viikmaa, Karmen"]
[Result "1-0"]
[WhiteTitle "IM"]
[WhiteElo "2378"]
[BlackElo "1720"]
[WhiteTeam "Italy"]
[BlackTeam "Estonia"]
[WhiteFideId "4132190"]
[BlackFideId "4502620"]
[EventDate "2020.08.14"]
[EventType "team"]

1. Nf3 Nf6 2. c4 g6 3. Nc3 Bg7 4. e4 d6 5. d4 Nbd7 6. Be2 O-O 7. Be3 e5 8. Qc2
a5 9. O-O c6 10. h3 Qe7 11. Rfe1 Nh5 12. Bf1 Nf4 13. g3 Ne6 14. Rad1 h6 15. Qd2
Kh7 16. d5 Nd4 17. Nxd4 exd4 18. Bxd4 Bxd4 19. Qxd4 Ne5 20. Qe3 Qf6 21. f4 Nd7
22. e5 dxe5 23. fxe5 Qf5 24. g4 Qg5 25. Qxg5 hxg5 26. e6 fxe6 27. dxe6 Nc5 28.
e7 Re8 29. Ne4 Nxe4 30. Rxe4 Kg7 31. c5 b5 32. cxb6 c5 33. Bb5 Bb7 34. Re3 1-0

[Event "Online Olym Div2 C 2020"]
[Site "chess.com INT"]
[Date "2020.08.15"]
[Round "5.5"]
[Board "5"]
[White "Moroni, Luca Jr"]
[Black "Garanin, Aleksei"]
[Result "0-1"]
[WhiteTitle "GM"]
[BlackTitle "FM"]
[WhiteElo "2530"]
[BlackElo "2233"]
[WhiteTeam "Italy"]
[BlackTeam "Estonia"]
[WhiteFideId "865834"]
[BlackFideId "4504950"]
[EventDate "2020.08.14"]
[EventType "team"]

1. d4 Nf6 2. c4 g6 3. g3 Bg7 4. Bg2 O-O 5. Nc3 d6 6. Nf3 Nc6 7. O-O a6 8. d5 Na5
9. b3 c5 10. dxc6 Nxc6 11. Bb2 Bd7 12. Qd2 Qa5 13. a3 Ne4 14. Nxe4 Qxd2 15.
Nexd2 Bxb2 16. Ra2 Bg7 17. Rc1 Rac8 18. e3 Rc7 19. Ne4 Na5 20. Nfd2 Rfc8 21. Nc3
e6 22. Nce4 d5 23. Nd6 Rd8 24. c5 Bf8 25. Rac2 b6 26. b4 bxc5 27. bxc5 Ba4 28.
Rc3 Bg7 29. Nb1 Bxc3 30. Rxc3 Nb3 31. e4 Nxc5 32. e5 Rb8 33. Nd2 Rb2 34. Nf1 d4
35. Rc4 d3 36. Rd4 Bb5 37. h4 Nb3 38. Nxb5 Nxd4 39. Nxc7 Rb1 40. Be4 d2 41. Bxb1
d1=Q 42. Be4 Qe1 43. Bg2 a5 44. f4 Kf8 45. Na8 Ne2+ 46. Kh2 Qf2 47. Nc7 Nd4 48.
Na6 Nf3+ 49. Kh3 Ne1 0-1

[Event "Online Olym Div2 C 2020"]
[Site "chess.com INT"]
[Date "2020.08.15"]
[Round "5.5"]
[Board "6"]
[White "Pool, Linda Maria"]
[Black "Grimaldi, Angela Flavia"]
[Result "0-1"]
[WhiteElo "1148"]
[BlackElo "2070"]
[WhiteTeam "Estonia"]
[BlackTeam "Italy"]
[WhiteFideId "4508882"]
[BlackFideId "2805214"]
[EventDate "2020.08.14"]
[EventType "team"]

1. d4 Nf6 2. Nf3 g6 3. c4 Bg7 4. Nc3 O-O 5. g3 d6 6. Bg2 c5 7. d5 e6 8. O-O exd5
9. cxd5 Re8 10. h3 Na6 11. Ne1 Nc7 12. e4 b5 13. Bg5 b4 14. Ne2 h6 15. Bxf6 Qxf6
16. Rb1 Nb5 17. Nd3 Nd4 18. Nxd4 Qxd4 19. a3 Ba6 20. Nf4 Bxf1 21. Qxf1 bxa3 22.
bxa3 Rab8 23. Re1 Qb2 24. a4 Qa2 25. Qa6 Bd4 26. Rf1 Rb2 27. Nd3 Rd2 28. Nc1 Qc2
29. Qxd6 Rxf2 0-1

[Event "Online Olym Div2 C 2020"]
[Site "chess.com INT"]
[Date "2020.08.15"]
[Round "6.1"]
[Board "1"]
[White "Shirov, Alexei"]
[Black "Sirosh, Ilja"]
[Result "1-0"]
[WhiteTitle "GM"]
[BlackTitle "IM"]
[WhiteElo "2647"]
[BlackElo "2405"]
[WhiteTeam "Spain"]
[BlackTeam "Estonia"]
[WhiteFideId "2209390"]
[BlackFideId "4500458"]
[EventDate "2020.08.14"]
[EventType "team"]

1. e4 c6 2. d4 d5 3. e5 Bf5 4. Nf3 e6 5. Be2 c5 6. Be3 Qb6 7. Nc3 Nc6 8. O-O
Qxb2 9. Qe1 cxd4 10. Bxd4 Nxd4 11. Nxd4 Bb4 12. Ndb5 Ba5 13. Rb1 Qxc2 14. Rb3
Ne7 15. Nd6+ Kf8 16. Nxb7 Bb6 17. Nd6 Bg6 18. Na4 Qxa2 19. Nxb6 axb6 20. Rxb6
Kg8 21. Rb7 Nf5 22. Nxf5 Bxf5 23. Qb4 h5 24. Qe7 Bg6 25. Bd3 Rh6 26. Bxg6 Rxg6
27. Qxf7+ Kh7 28. Qf3 Kh6 29. h4 Qa3 30. Qxa3 Rxa3 31. g3 Rg4 32. Rb6 Kg6 33.
Rxe6+ Kf5 34. Re7 g6 35. Kg2 Re4 36. Rb1 Rxe5 37. Rf7+ Ke6 38. Rbb7 Ra6 39. Rg7
Kf5 40. f3 Ra2+ 41. Kh3 Ree2 42. Rbf7+ Ke6 43. Re7+ Kf6 44. Rgf7# 1-0

[Event "Online Olym Div2 C 2020"]
[Site "chess.com INT"]
[Date "2020.08.15"]
[Round "6.1"]
[Board "2"]
[White "Pedmanson, Herman"]
[Black "Perez Candelario, Manuel"]
[Result "0-1"]
[BlackTitle "GM"]
[WhiteElo "1867"]
[BlackElo "2612"]
[WhiteTeam "Estonia"]
[BlackTeam "Spain"]
[WhiteFideId "4505786"]
[BlackFideId "2210622"]
[EventDate "2020.08.14"]
[EventType "team"]

1. e4 c5 2. Nf3 e6 3. d3 Nc6 4. g3 d5 5. Nbd2 Nf6 6. Bg2 Be7 7. O-O O-O 8. e5
Nd7 9. Re1 Qc7 10. Qe2 b5 11. Nf1 a5 12. h4 Ba6 13. N1h2 Rfb8 14. Bg5 h6 15.
Bxe7 Nxe7 16. g4 b4 17. h5 c4 18. Rac1 Rc8 19. Qd2 cxd3 20. cxd3 Qb6 21. g5 hxg5
22. Qxg5 Qd8 23. d4 Nf5 24. Qf4 Nf8 25. Bh3 Bd3 26. Qd2 Be4 27. Ng5 Rxc1 28.
Rxc1 Nxd4 29. Nxe4 dxe4 30. Qe3 Ne2+ 31. Qxe2 Qg5+ 32. Ng4 Qxc1+ 33. Kg2 Qf4 34.
h6 Ng6 35. hxg7 Kxg7 36. Nf6 Qf3+ 0-1

[Event "Online Olym Div2 C 2020"]
[Site "chess.com INT"]
[Date "2020.08.15"]
[Round "6.1"]
[Board "3"]
[White "Calzetta Ruiz, Monica"]
[Black "Viikmaa, Karmen"]
[Result "1-0"]
[WhiteTitle "WGM"]
[WhiteElo "2302"]
[BlackElo "1720"]
[WhiteTeam "Spain"]
[BlackTeam "Estonia"]
[WhiteFideId "2204185"]
[BlackFideId "4502620"]
[EventDate "2020.08.14"]
[EventType "team"]

1. e4 c5 2. Nf3 Nc6 3. d4 cxd4 4. Nxd4 Qb6 5. Nb3 Nf6 6. Nc3 e6 7. Qe2 Bb4 8.
Bd2 O-O 9. a3 Be7 10. g3 a5 11. Be3 Qc7 12. Bg2 a4 13. Nd2 Na5 14. O-O Rd8 15.
Nxa4 Qxc2 16. Nb6 Rb8 17. Qb5 Nc6 18. Rfc1 Na7 19. Qe5 d6 20. Qd4 e5 21. Qb4 Qd3
22. Bf1 Nc6 23. Qa4 1-0

[Event "Online Olym Div2 C 2020"]
[Site "chess.com INT"]
[Date "2020.08.15"]
[Round "6.1"]
[Board "5"]
[White "Henderson de La Fuente, Lance"]
[Black "Garanin, Aleksei"]
[Result "1-0"]
[WhiteTitle "GM"]
[BlackTitle "FM"]
[WhiteElo "2491"]
[BlackElo "2233"]
[WhiteTeam "Spain"]
[BlackTeam "Estonia"]
[WhiteFideId "32096585"]
[BlackFideId "4504950"]
[EventDate "2020.08.14"]
[EventType "team"]

1. d4 Nf6 2. Nf3 g6 3. Nbd2 d5 4. b4 Bg7 5. e3 O-O 6. Be2 a5 7. b5 c5 8. bxc6
Nxc6 9. O-O Bf5 10. c3 Qc7 11. a4 e5 12. Ba3 Rfd8 13. Rc1 Rac8 14. dxe5 Nxe5 15.
Nxe5 Qxe5 16. Nf3 Qe8 17. Nd4 Bd7 18. Nb5 Ne4 19. Bb2 Bxb5 20. Bxb5 Qe5 21. Qd3
Nd6 22. Rfd1 Ne4 23. Rc2 h5 24. g3 Qf5 25. c4 Bxb2 26. Rxb2 Qf6 27. Rc2 dxc4 28.
Qe2 Rxd1+ 29. Qxd1 Rd8 30. Qe2 c3 31. Bd3 Nc5 32. Bb5 Nb3 33. Qc4 Rd2 34. Qc8+
Kg7 35. Qxc3 Rxf2 36. Qxb3 Rf3 37. Qc3 1-0

[Event "Online Olym Div2 C 2020"]
[Site "chess.com INT"]
[Date "2020.08.15"]
[Round "6.1"]
[Board "6"]
[White "Pool, Linda Maria"]
[Black "Eizaguerri Floris, Maria"]
[Result "0-1"]
[BlackTitle "WFM"]
[WhiteElo "1148"]
[BlackElo "2167"]
[WhiteTeam "Estonia"]
[BlackTeam "Spain"]
[WhiteFideId "4508882"]
[BlackFideId "32065752"]
[EventDate "2020.08.14"]
[EventType "team"]

1. d4 d5 2. Nf3 Nf6 3. e3 e6 4. Bd3 c5 5. b3 Bd6 6. Bb2 O-O 7. O-O b6 8. Ne5 Bb7
9. f4 Ne4 10. Rf3 f6 11. Ng4 Nd7 12. Rh3 cxd4 13. Bxd4 Bc5 14. Bb2 Qc7 15. Nd2
Qxf4 16. Nxe4 dxe4 17. Bc4 Rad8 18. Bxe6+ Kh8 19. Bxd7 Qc7 20. Nf2 Qxd7 21. Qh5
h6 22. Ng4 Qd5 23. Qh4 h5 24. Nxf6 gxf6 25. Bxf6+ Kg8 26. Qg3+ Kf7 27. Qg7+ Ke6
28. Qe7+ Bxe7 29. Bxe7 Kxe7 30. Rg3 Qd1+ 31. Rxd1 Rxd1# 0-1

[Event "Online Olym Div2 C 2020"]
[Site "chess.com INT"]
[Date "2020.08.15"]
[Round "6.2"]
[Board "1"]
[White "Mansour, Sameer"]
[Black "Dvirnyy, Danyyil"]
[Result "0-1"]
[WhiteTitle "IM"]
[BlackTitle "GM"]
[WhiteElo "2308"]
[BlackElo "2485"]
[WhiteTeam "Jordan"]
[BlackTeam "Italy"]
[WhiteFideId "8100144"]
[BlackFideId "817570"]
[EventDate "2020.08.14"]
[EventType "team"]

1. Nf3 Nf6 2. g3 b6 3. Bg2 Bb7 4. O-O g6 5. c4 Bg7 6. Nc3 O-O 7. d4 Ne4 8. Nxe4
Bxe4 9. d5 c5 10. Ng5 Bxg2 11. Kxg2 d6 12. a4 Nd7 13. Ra3 a6 14. h4 Nf6 15. Qd3
Qd7 16. Rh1 h5 17. e4 b5 18. axb5 axb5 19. cxb5 Ng4 20. Bf4 Bxb2 21. Rxa8 Rxa8
22. Rb1 Bd4 23. b6 Ra2 24. Qxd4 cxd4 25. b7 Rxf2+ 26. Kg1 Qa4 27. b8=Q+ Kg7 28.
Qb3 Qa6 29. Qb7 Rf1+ 30. Rxf1 Qxb7 31. Bxd6 exd6 32. Rxf7+ Qxf7 33. Nxf7 Kxf7 0-1

[Event "Online Olym Div2 C 2020"]
[Site "chess.com INT"]
[Date "2020.08.15"]
[Round "6.2"]
[Board "2"]
[White "Lodici, Lorenzo"]
[Black "Ahmad, Al Khatib"]
[Result "1-0"]
[WhiteTitle "IM"]
[BlackTitle "IM"]
[WhiteElo "2489"]
[BlackElo "2254"]
[WhiteTeam "Italy"]
[BlackTeam "Jordan"]
[WhiteFideId "884189"]
[BlackFideId "8103178"]
[EventDate "2020.08.14"]
[EventType "team"]

1. d4 g6 2. e4 Bg7 3. Nf3 d6 4. Bc4 Nf6 5. Qe2 O-O 6. O-O Bg4 7. h3 Bxf3 8. Qxf3
Nbd7 9. c3 e5 10. Be3 Qe7 11. Nd2 Rae8 12. Bd3 d5 13. Rae1 dxe4 14. Nxe4 Nxe4
15. Bxe4 exd4 16. Bxd4 Bxd4 17. cxd4 c6 18. Bxc6 Qxe1 19. Bxd7 Qe2 20. Qxb7 Rb8
21. Qxa7 Rxb2 22. a4 Rfb8 23. Bb5 R2xb5 24. axb5 Rxb5 25. Qa6 Qd3 26. Re1 Kg7
27. Qd6 Rb1 28. Qe5+ Kg8 29. Rxb1 Qxb1+ 30. Kh2 Qb2 31. Kg3 h5 32. Qf6 Qc3+ 33.
Kh4 Qd2 34. g3 Qd3 35. Kg5 Qd2+ 36. f4 Qb4 37. d5 Qc5 38. Qe5 Qa3 39. f5 Qc1+
40. Kf6 Qf1 41. Qe8+ Kh7 42. Qxf7+ Kh8 43. Qg7# 1-0

[Event "Online Olym Div2 C 2020"]
[Site "chess.com INT"]
[Date "2020.08.15"]
[Round "6.2"]
[Board "3"]
[White "Alattar, Ghayda M."]
[Black "Brunello, Marina"]
[Result "0-1"]
[WhiteTitle "WFM"]
[BlackTitle "IM"]
[WhiteElo "1868"]
[BlackElo "2368"]
[WhiteTeam "Jordan"]
[BlackTeam "Italy"]
[WhiteFideId "8101531"]
[BlackFideId "822590"]
[EventDate "2020.08.14"]
[EventType "team"]

1. d4 d5 2. Nc3 Nf6 3. Bg5 Nbd7 4. f3 h6 5. Bh4 e6 6. Qd2 c5 7. e3 Qb6 8. O-O-O
cxd4 9. exd4 a6 10. g4 Be7 11. g5 hxg5 12. Bxg5 Qc6 13. Bd3 Nb6 14. Nge2 Bd7 15.
Kb1 O-O-O 16. h4 Rde8 17. Rdg1 Nh5 18. Bxe7 Rxe7 19. Qg5 Qd6 20. f4 g6 21. Qe5
Qxe5 22. fxe5 Nc4 23. Bxc4 dxc4 24. Ne4 Bc6 25. Nd6+ Kc7 26. Rh2 Ng7 27. Nxc4
Nf5 28. c3 Ree8 29. Kc1 Rh7 30. Ng3 Nxh4 31. Nd6 Reh8 32. Rf2 Nf5 33. Ngxf5 gxf5
34. a3 b5 35. c4 bxc4 36. Nxc4 Bd5 37. Nd6 Kd7 38. b4 f6 39. Kd2 fxe5 40. dxe5
Rh1 41. Rg7+ Kc6 42. Rf7 R8h2 43. Ke2 Rxf2+ 44. Kxf2 Ra1 45. Rf8 Rxa3 46. Rc8+
Kd7 47. Rh8 Rb3 48. Rh7+ Kc6 49. Rh4 Rb1 50. Ke2 Rh1 51. Rf4 Rh2+ 52. Kd3 Rh3+
53. Kd2 Kb6 54. Rd4 Kc7 55. Nxf5 Rh5 56. Ne3 Rxe5 57. Kd3 Kc6 0-1

[Event "Online Olym Div2 C 2020"]
[Site "chess.com INT"]
[Date "2020.08.15"]
[Round "6.2"]
[Board "4"]
[White "Sedina, Elena"]
[Black "Raya, Alnaimat"]
[Result "1-0"]
[WhiteTitle "IM"]
[WhiteElo "2299"]
[BlackElo "1694"]
[WhiteTeam "Italy"]
[BlackTeam "Jordan"]
[WhiteFideId "812153"]
[BlackFideId "8103690"]
[EventDate "2020.08.14"]
[EventType "team"]

1. e4 d6 2. d4 g6 3. Nc3 Bg7 4. f4 Nc6 5. Be3 Nf6 6. Nf3 Bg4 7. h3 Bxf3 8. Qxf3
e5 9. dxe5 dxe5 10. f5 Nd4 11. Qf2 O-O 12. g4 h6 13. O-O-O c5 14. g5 hxg5 15.
Bxg5 Qb6 16. Bc4 gxf5 17. exf5 Nh7 18. Nd5 Qa5 19. Rhg1 Nxg5 20. Rxg5 b5 21.
Nf6+ 1-0

[Event "Online Olym Div2 C 2020"]
[Site "chess.com INT"]
[Date "2020.08.15"]
[Round "6.2"]
[Board "5"]
[White "Saif, Malek"]
[Black "Moroni, Luca Jr"]
[Result "0-1"]
[WhiteTitle "CM"]
[BlackTitle "GM"]
[WhiteElo "2168"]
[BlackElo "2530"]
[WhiteTeam "Jordan"]
[BlackTeam "Italy"]
[WhiteFideId "8104220"]
[BlackFideId "865834"]
[EventDate "2020.08.14"]
[EventType "team"]

1. e4 e5 2. Nf3 Nc6 3. d4 exd4 4. Bc4 Nf6 5. O-O d6 6. Nxd4 Nxd4 7. Qxd4 Be7 8.
Nc3 O-O 9. Nd5 Nxd5 10. Bxd5 Bf6 11. Qe3 Re8 12. Bb3 c6 13. Qf3 Qe7 14. Re1 d5
15. e5 Bxe5 16. Bf4 Qc7 17. Qc3 f6 18. Bxd5+ Kh8 19. Bxe5 fxe5 20. Re3 Qd6 21.
Bb3 Bf5 22. Rae1 Rad8 23. h3 e4 24. Qa5 b5 25. c4 a6 26. Qxa6 Ra8 27. Qb7 Reb8
28. Qf7 Bg6 29. c5 Qxc5 30. Qe6 Re8 31. Qg4 Qe5 32. f4 Qf6 33. Kh2 Rad8 34. Rf1
Rf8 35. Rf2 Qd6 36. Qg3 Bf5 37. Bc2 Qd4 38. Rfe2 Rde8 39. Qh4 Bg6 40. Qf2 h6 41.
g4 Qd6 42. Kg3 Bh7 43. Bxe4 g5 44. Bf5 Rxe3+ 45. Qxe3 Bxf5 46. gxf5 gxf4+ 47.
Qxf4 Rg8+ 48. Kf3 Qd3+ 49. Kf2 Qxh3 50. Qd4+ Rg7 51. f6 Rg2+ 52. Ke1 Qg3+ 53.
Kd2 Qg5+ 54. Kd1 Rg1+ 55. Kc2 Qf5+ 56. Kb3 Rg3+ 57. Kb4 Rg4 58. Re8+ Kh7 59.
Re7+ Kh8 60. Re8+ Kh7 61. Re7+ Kg8 62. Re8+ Kf7 63. Re7+ Kf8 64. Qxg4 Qxg4+ 65.
Ka5 h5 66. Rc7 h4 67. Rxc6 h3 68. Kxb5 h2 69. Rc1 Qg5+ 70. Rc5 Qxc5+ 71. Kxc5
h1=Q 72. a4 Qc1+ 73. Kb6 Qxb2+ 74. Ka6 Qb8 75. a5 Qa8+ 76. Kb6 Kf7 77. a6 Kxf6
78. a7 Ke7 0-1

[Event "Online Olym Div2 C 2020"]
[Site "chess.com INT"]
[Date "2020.08.15"]
[Round "6.2"]
[Board "6"]
[White "Palma, Maria"]
[Black "Tala, Alnasser"]
[Result "1-0"]
[WhiteTitle "WFM"]
[WhiteElo "1989"]
[BlackElo "1431"]
[WhiteTeam "Italy"]
[BlackTeam "Jordan"]
[WhiteFideId "898481"]
[BlackFideId "8110328"]
[EventDate "2020.08.14"]
[EventType "team"]

1. c4 c5 2. Nf3 Nc6 3. Nc3 g6 4. e3 Bg7 5. d4 d6 6. d5 Ne5 7. Nxe5 Bxe5 8. e4
Bg7 9. Bd3 Nh6 10. h3 f5 11. Bxh6 Bxh6 12. exf5 Bxf5 13. Bxf5 O-O 14. Be6+ Kh8
15. O-O Bg7 16. Ne4 h6 17. Qg4 Kh7 18. f4 Qb6 19. f5 g5 20. Nxg5+ hxg5 21. Qh5+
Bh6 22. Qg6+ Kh8 23. Qxh6# 1-0

[Event "Online Olym Div2 C 2020"]
[Site "chess.com INT"]
[Date "2020.08.15"]
[Round "6.3"]
[Board "1"]
[White "Sousa, Andre Ventura"]
[Black "Borisek, Jure"]
[Result "0-1"]
[WhiteTitle "IM"]
[BlackTitle "GM"]
[WhiteElo "2394"]
[BlackElo "2591"]
[WhiteTeam "Portugal"]
[BlackTeam "Slovenia"]
[WhiteFideId "1917617"]
[BlackFideId "14603152"]
[EventDate "2020.08.14"]
[EventType "team"]

1. e4 e5 2. Nf3 Nc6 3. Bc4 Bc5 4. d3 Nf6 5. c3 d6 6. a4 a6 7. O-O h6 8. Nbd2 O-O
9. Re1 Re8 10. h3 Be6 11. b4 Ba7 12. Qb3 Qd7 13. Bxe6 Rxe6 14. Nc4 Ne7 15. Be3
Ng6 16. b5 Bxe3 17. fxe3 axb5 18. axb5 Rxa1 19. Rxa1 d5 20. exd5 Qxd5 21. d4 e4
22. Nfd2 Qg5 23. Rf1 Nd5 24. Re1 Ngf4 25. exf4 Nxf4 26. Ne3 Qg3 27. Qb1 Nxh3+
28. Kh1 Nf2+ 29. Kg1 Rg6 30. Re2 Nh3+ 31. Kh1 Nf2+ 32. Kg1 Nh3+ 33. Kh1 Nf4 34.
Qe1 Qg5 35. Rf2 Qh4+ 36. Kg1 Nh3+ 37. Kf1 Nxf2 38. Nf5 Qh1+ 39. Ke2 Qxe1+ 40.
Kxe1 Nd3+ 41. Ke2 Rxg2+ 42. Ke3 h5 43. Nxe4 Nb2 44. d5 g6 45. Nh4 Rc2 46. Kd4
Na4 47. Nf3 Kf8 48. c4 b6 49. d6 cxd6 50. Nxd6 Rc1 51. Ng5 Rd1+ 0-1

[Event "Online Olym Div2 C 2020"]
[Site "chess.com INT"]
[Date "2020.08.15"]
[Round "6.3"]
[Board "2"]
[White "Sebenik, Matej"]
[Black "Martins, David Pires Tavares"]
[Result "1-0"]
[WhiteTitle "GM"]
[BlackTitle "IM"]
[WhiteElo "2498"]
[BlackElo "2398"]
[WhiteTeam "Slovenia"]
[BlackTeam "Portugal"]
[WhiteFideId "14602296"]
[BlackFideId "1909991"]
[EventDate "2020.08.14"]
[EventType "team"]

1. d4 e6 2. e4 d5 3. e5 c5 4. c3 Nc6 5. Nf3 Qb6 6. Be2 Nh6 7. Bxh6 gxh6 8. Qd2
Bd7 9. O-O Bg7 10. Na3 cxd4 11. cxd4 O-O 12. Nc2 f6 13. exf6 Rxf6 14. b4 Raf8
15. b5 Ne7 16. Ne5 Be8 17. g3 Nf5 18. a4 Nd6 19. Qb4 h5 20. Bd3 h4 21. a5 Qd8
22. b6 a6 23. Ne3 h5 24. Rac1 Bb5 25. Rc7 Bh6 26. Bxb5 Nxb5 27. Rd7 Qb8 28. Qb1
Bg7 29. Qd1 hxg3 30. hxg3 Rh6 31. f4 Qc8 32. Qc1 Qe8 33. Rxb7 Nxd4 34. Qc7 Rh7
35. Nd7 Qg6 36. f5 Qg5 37. Nxf8 Qxe3+ 38. Rf2 Nf3+ 39. Kg2 Ne1+ 40. Kf1 Qd3+ 41.
Kg1 Nf3+ 42. Kg2 Ne1+ 43. Kg1 Nf3+ 44. Kh1 Qd1+ 45. Kg2 Ne1+ 46. Kh2 Nf3+ 47.
Rxf3 Qe2+ 48. Kh3 Qxf3 49. Qf7+ Kh8 50. Ng6# 1-0

[Event "Online Olym Div2 C 2020"]
[Site "chess.com INT"]
[Date "2020.08.15"]
[Round "6.3"]
[Board "3"]
[White "Jorge, Rita Maria Osorio"]
[Black "Unuk, Laura"]
[Result "0-1"]
[WhiteTitle "WFM"]
[BlackTitle "WGM"]
[WhiteElo "1983"]
[BlackElo "2315"]
[WhiteTeam "Portugal"]
[BlackTeam "Slovenia"]
[WhiteFideId "1923161"]
[BlackFideId "14609215"]
[EventDate "2020.08.14"]
[EventType "team"]

1. e4 e6 2. d4 d5 3. Nd2 h6 4. Bd3 c5 5. dxc5 Bxc5 6. Ne2 Nf6 7. O-O Nc6 8. c3
O-O 9. h3 e5 10. exd5 Qxd5 11. Bc4 Qd6 12. Qc2 Qe7 13. Ng3 Be6 14. Bd3 Rfd8 15.
Nde4 Nxe4 16. Bxe4 Rac8 17. Nf5 Qf6 18. Be3 Bf8 19. Rad1 Nb4 20. Qb1 Nd5 21.
Bxd5 Bxd5 22. Ng3 b6 23. Rfe1 Qc6 24. f3 g6 25. Qc1 Kh7 26. Bf2 Bg7 27. Re2 Bxa2
28. Rxd8 Rxd8 29. Qa1 Bc4 30. Re1 a5 31. Qa3 Rd7 32. b3 Bd3 33. c4 f5 34. Qc1 b5
35. cxb5 Qxb5 36. Qa3 Bc2 37. Rc1 Bxb3 38. Rb1 a4 39. Qc5 Qxc5 40. Bxc5 Rd2 41.
Nf1 Rc2 42. Ba3 e4 43. fxe4 Bd4+ 44. Kh1 fxe4 45. Ng3 e3 46. Bb4 Bd5 47. Rd1
Bxg2+ 48. Kh2 Bf3+ 49. Rd2 exd2 50. Bxd2 Rxd2+ 51. Ne2 Bxe2 52. h4 a3 53. h5 a2
54. hxg6+ Kxg6 55. Kh1 a1=Q+ 56. Kh2 Qg1+ 57. Kh3 Bg4+ 58. Kh4 Bf6# 0-1

[Event "Online Olym Div2 C 2020"]
[Site "chess.com INT"]
[Date "2020.08.15"]
[Round "6.3"]
[Board "4"]
[White "Janzelj, Lara"]
[Black "Santos, Isabel Pereira Dos"]
[Result "1-0"]
[WhiteTitle "WIM"]
[WhiteElo "2210"]
[BlackElo "1772"]
[WhiteTeam "Slovenia"]
[BlackTeam "Portugal"]
[WhiteFideId "14608391"]
[BlackFideId "1921681"]
[EventDate "2020.08.14"]
[EventType "team"]

1. d4 d5 2. c4 c6 3. Nf3 Nf6 4. Nc3 Bf5 5. cxd5 cxd5 6. Qb3 b6 7. Bf4 e6 8. e3
Bd6 9. Bb5+ Ke7 10. Ne5 a6 11. Be2 Re8 12. O-O Kf8 13. Rac1 Bxe5 14. Bxe5 Nbd7
15. Bd6+ Kg8 16. Na4 Ne4 17. Bc7 Qe7 18. Nxb6 Nxb6 19. Qxb6 Nd2 20. Rfd1 Ne4 21.
f3 Nf6 22. Bxa6 Nd7 23. Qc6 Nf8 24. a3 h5 25. b4 Qg5 26. Bf4 Qg6 27. Rd2 f6 28.
h4 Rad8 29. Bc7 Rd7 30. b5 e5 31. dxe5 1-0